[Event "Condino op"]
[Site "Condino"]
[Date "2010.07.30"]
[Round "7"]
[White "Menon, Michele"]
[Black "Khachab, Ibrahim"]
[Result "1/2-1/2"]
[WhiteElo "1733"]
[BlackElo "1891"]
[PlyCount "79"]
[EventDate "2010.07.26"]
[EventType "swiss"]
[EventRounds "7"]
[EventCountry "ITA"]
[SourceTitle "CBM 137 Extra"]
[Source "ChessBase"]
[SourceDate "2010.09.01"]
[SourceVersion "1"]
[SourceVersionDate "2010.09.01"]
[SourceQuality "1"]

1. Nf3 g6 2. c4 Bg7 3. Nc3 Nf6 4. g3 0-0 5. Bg2 d6 6. 0-0 c6 7. d3 a5 8. Rb1 Na6 9. a3 Bf5 10. b4 e5 11. Nh4 Bd7 12. b5 Nc5 13. bxc6 Bxc6 14. Nd5 Nxd5 15. cxd5 Ba4 16. Qd2 b5 17. Bb2 Rc8 18. Bh3 Nb3 19. Qe3 Rc2 20. Nf3 Qa8 21. Bg2 Rfc8 22. Rfe1 Rxb2 23. Rxb2 e4 24. Rbb1 exf3 25. Bxf3 Re8 26. Qb6 Qd8 27. Qxd8 Rxd8 28. Kg2 Bc3 29. Rh1 Bd4 30. e3 Bc5 31. Bd1 Nd2 32. Rb2 Bxa3 33. Rxd2 Bxd1 34. Rhxd1 Rc8 35. Ra2 Rc3 36. Kf3 a4 37. Ke4 f5+ 38. Kd4 Rb3 39. Rxa3 Rxa3 40. Rb1 1/2-1/2

[Event "TH-S-0104"]
[Site "IECC email"]
[Date "2005.02.18"]
[Round "?"]
[White "Chadwick, Charles"]
[Black "Khachab, Ibrahim"]
[Result "1-0"]
[WhiteElo "1865"]
[BlackElo "1775"]
[PlyCount "61"]
[EventDate "2005.??.??"]
[EventType "tourn (corr)"]
[SourceTitle "Corr 2020"]
[Source "ChessBase"]
[SourceDate "2019.09.30"]
[SourceVersion "1"]
[SourceVersionDate "2019.09.30"]
[SourceQuality "1"]
[WhiteTeam "Australia"]
[BlackTeam "Italy"]
[WhiteTeamCountry "AUS"]
[BlackTeamCountry "ITA"]

1. d4 Nf6 2. c4 g6 3. Nf3 Bg7 4. g3 0-0 5. Bg2 d6 6. Nc3 Nbd7 7. 0-0 e5 8. e4 exd4 9. Nxd4 a6 10. h3 c6 11. Re1 Nc5 12. Bf4 Re8 13. Nc2 Bf8 14. Qd2 Ne6 15. Bh6 Bxh6 16. Qxh6 Nd7 17. Rad1 Ne5 18. b3 f6 19. Qd2 Ng5 20. Re3 Bxh3 21. f4 Bxg2 22. Kxg2 Ng4 23. fxg5 Nxe3+ 24. Nxe3 fxg5 25. Qd4 Qd7 26. c5 Qg7 27. cxd6 Rad8 28. Na4 h6 29. d7 Re7 30. Nb6 Kh7 31. Nec4 1-0

[Event "IECC KO-3032"]
[Site "IECC email"]
[Date "2003.10.01"]
[Round "?"]
[White "Jensen, Jeff"]
[Black "Khachab, Ibrahim"]
[Result "0-1"]
[WhiteElo "1378"]
[BlackElo "1816"]
[PlyCount "98"]
[EventDate "2003.??.??"]
[EventType "match (corr)"]
[EventRounds "2"]
[SourceTitle "Corr 2020"]
[Source "ChessBase"]
[SourceDate "2019.09.30"]
[SourceVersion "1"]
[SourceVersionDate "2019.09.30"]
[SourceQuality "1"]
[WhiteTeam "Australia"]
[BlackTeam "Italy"]
[WhiteTeamCountry "AUS"]
[BlackTeamCountry "ITA"]

1. d4 Nf6 2. c4 g6 3. Nc3 Bg7 4. Nf3 d6 5. e4 0-0 6. Be2 e5 7. 0-0 Nc6 8. d5 Ne7 9. h3 Ne8 10. Be3 c5 11. dxc6 bxc6 12. Qb3 Be6 13. Rad1 h6 14. Rd2 Qc7 15. Qa3 f5 16. Rc2 Nf6 17. Bd3 f4 18. Bd2 Bf7 19. c5 d5 20. exd5 cxd5 21. Nb5 Qb8 22. c6 e4 23. c7 Qb6 24. Ba5 Qa6 25. Qxe7 exd3 26. c8Q Raxc8 27. Rxc8 Rxc8 28. Nd6 Rf8 29. Bb4 Qa4 30. Bc3 d4 31. Nxd4 Qxa2 32. Nc6 Nd5 33. Qxa7 Qxa7 34. Nxa7 Bxc3 35. bxc3 Nxc3 36. Nab5 Nxb5 37. Nxb5 d2 38. Nc3 Rc8 39. Nb1 Rc2 40. Nxd2 Rxd2 41. Rc1 g5 42. Rc6 Rd1+ 43. Kh2 Kg7 44. Rb6 Rf1 45. Rb2 Kf6 46. Rb6+ Be6 47. Rb2 Ke5 48. g3 Bd5 49. gxf4+ gxf4 0-1

[Event "IECC CL4-2002.29"]
[Site "IECC email"]
[Date "2002.10.21"]
[Round "?"]
[White "Balaram, Mohanakrishnan"]
[Black "Khachab, Ibrahim"]
[Result "0-1"]
[WhiteElo "1576"]
[BlackElo "1730"]
[PlyCount "48"]
[EventDate "2002.??.??"]
[EventType "tourn (corr)"]
[EventRounds "4"]
[SourceTitle "Corr 2008"]
[Source "ChessBase"]
[SourceDate "2008.06.24"]
[SourceVersion "1"]
[SourceVersionDate "2008.06.24"]
[SourceQuality "1"]

1. d4 g6 2. c4 Bg7 3. Nc3 d6 4. e4 Nf6 5. Nf3 0-0 6. Be2 Nbd7 7. 0-0 c5 8. d5 a6 9. a4 b6 10. h3 Bb7 11. Bf4 Nh5 12. Bh2 Qc7 13. Nd2 Nhf6 14. f4 Rae8 15. Nf3 h6 16. e5 Nh7 17. g4 dxe5 18. fxe5 Nxe5 19. Kh1 e6 20. d6 Qd7 21. Kg1 Nxf3+ 22. Bxf3 Ng5 23. Bxb7 Qxb7 24. Qd3 Bd4+ 0-1

[Event "IECC P email"]
[Site "IECC email"]
[Date "2001.10.22"]
[Round "?"]
[White "Khachab, Ibrahim"]
[Black "Marczykoski, Paulo Roberto T"]
[Result "1/2-1/2"]
[WhiteElo "1701"]
[BlackElo "1406"]
[PlyCount "86"]
[EventDate "2001.??.??"]
[EventType "tourn (corr)"]
[EventRounds "6"]
[SourceTitle "Corr 2008"]
[Source "ChessBase"]
[SourceDate "2008.06.24"]
[SourceVersion "1"]
[SourceVersionDate "2008.06.24"]
[SourceQuality "1"]

1. e4 c5 2. Nc3 e6 3. f4 Nc6 4. Nf3 d5 5. d3 Nf6 6. e5 Nd7 7. g3 Be7 8. Bg2 b5 9. 0-0 b4 10. Ne2 0-0 11. d4 Ba6 12. Re1 Bxe2 13. Qxe2 cxd4 14. Bd2 Qb6 15. Kh1 Nc5 16. Red1 Rac8 17. Be1 f6 18. Bf2 fxe5 19. Nxe5 Nxe5 20. Qxe5 Bf6 21. Qe2 Rc6 22. Rd2 Qa6 23. Qd1 Na4 24. Rb1 Nb6 25. Bxd4 Nc4 26. Re2 Bxd4 27. Qxd4 Qxa2 28. Ree1 Qa6 29. Ra1 Qb6 30. Qxb6 Nxb6 31. Rxa7 Rxc2 32. Bh3 Rxb2 33. Rb7 Na4 34. Bxe6+ Kh8 35. Bxd5 Nc3 36. Bc6 h6 37. Re8 Rxe8 38. Bxe8 g5 39. f5 Ne4 40. Bg6 b3 41. Bf7 Nd6 42. Rxb3 Rxb3 43. Bxb3 Nxf5 1/2-1/2

[Event "IECC CL4-2001.28"]
[Site "IECC email"]
[Date "2001.08.23"]
[Round "?"]
[White "Hort, Wolfgang"]
[Black "Khachab, Ibrahim"]
[Result "0-1"]
[WhiteElo "1618"]
[BlackElo "1693"]
[PlyCount "66"]
[EventDate "2001.??.??"]
[EventType "tourn (corr)"]
[EventRounds "4"]
[SourceTitle "Corr 2008"]
[Source "ChessBase"]
[SourceDate "2008.06.24"]
[SourceVersion "1"]
[SourceVersionDate "2008.06.24"]
[SourceQuality "1"]

1. d4 Nf6 2. c4 g6 3. Nc3 Bg7 4. e4 d6 5. Nf3 0-0 6. Be2 e5 7. 0-0 Nc6 8. d5 Ne7 9. Nd2 Nd7 10. Re1 f5 11. b3 c5 12. Bb2 f4 13. Bg4 Nf6 14. Bxc8 Rxc8 15. Nf3 h6 16. Nd2 a6 17. a4 b6 18. Qe2 a5 19. Nb5 Qd7 20. Rac1 g5 21. f3 Kf7 22. Rf1 Ng6 23. Qd3 Ke7 24. Nc3 h5 25. Nb5 Rh8 26. Qc2 g4 27. Qd3 Rcg8 28. Rce1 Nh4 29. Qe2 Bh6 30. Rf2 g3 31. hxg3 Rxg3 32. Qf1 Ng6 33. Kh1 h4 0-1

[Event "IECC CL4-2001.28"]
[Site "IECC email"]
[Date "2001.08.23"]
[Round "?"]
[White "Myers, Charlie"]
[Black "Khachab, Ibrahim"]
[Result "1-0"]
[WhiteElo "1692"]
[BlackElo "1706"]
[PlyCount "69"]
[EventDate "2001.??.??"]
[EventType "tourn (corr)"]
[EventRounds "4"]
[SourceTitle "Corr 2008"]
[Source "ChessBase"]
[SourceDate "2008.06.24"]
[SourceVersion "1"]
[SourceVersionDate "2008.06.24"]
[SourceQuality "1"]

1. d4 Nf6 2. c4 g6 3. Nc3 Bg7 4. e4 d6 5. Be2 0-0 6. Bg5 Nbd7 7. Qd2 c6 8. Nf3 e5 9. 0-0 exd4 10. Nxd4 Nc5 11. Bf3 Re8 12. Rad1 Qb6 13. Rfe1 Be6 14. b4 Ncd7 15. Nxe6 Rxe6 16. a3 Qa6 17. Qa2 Rae8 18. Be3 h6 19. Qb3 c5 20. Nb5 Qb6 21. a4 a5 22. bxa5 Qxa5 23. Bd2 Qd8 24. Bc3 Bf8 25. Qc2 h5 26. g3 Qe7 27. Bg2 Nxe4 28. Bb2 Nef6 29. Rxe6 Qxe6 30. Bxb7 Rb8 31. Bg2 Ne5 32. Qc3 g5 33. f4 gxf4 34. gxf4 Qg4 35. Rxd6 1-0

[Event "IECC P email"]
[Site "IECC email"]
[Date "2001.06.11"]
[Round "?"]
[White "Schmitz, Norbert"]
[Black "Khachab, Ibrahim"]
[Result "0-1"]
[WhiteElo "1413"]
[BlackElo "1687"]
[PlyCount "60"]
[EventDate "2001.??.??"]
[EventType "tourn (corr)"]
[EventRounds "6"]
[SourceTitle "Corr 2008"]
[Source "ChessBase"]
[SourceDate "2008.06.24"]
[SourceVersion "1"]
[SourceVersionDate "2008.06.24"]
[SourceQuality "1"]

1. d4 Nf6 2. Nf3 g6 3. c4 Bg7 4. Nc3 0-0 5. e4 d6 6. h3 e5 7. d5 a5 8. Bg5 Nbd7 9. Be2 h6 10. Bh4 g5 11. Nxg5 hxg5 12. Bxg5 b6 13. h4 Kh7 14. Qd2 Nc5 15. Bf3 Qd7 16. Bxf6 Bxf6 17. g4 Ba6 18. g5 Bg7 19. b3 b5 20. cxb5 Bxb5 21. Be2 Bxe2 22. Qxe2 Rfb8 23. 0-0-0 a4 24. g6+ fxg6 25. h5 Bh6+ 26. Kb1 g5 27. Kc2 axb3+ 28. axb3 Nxb3 29. Kd3 Nc5+ 30. Kd2 Rb2+ 0-1

[Event "SEMI Ruy Lopez-Marshall theme (1) email"]
[Site "SEMI email"]
[Date "2000.06.15"]
[Round "?"]
[White "Compagnone, Gaetano"]
[Black "Khachab, Ibrahim"]
[Result "1-0"]
[WhiteElo "1881"]
[BlackElo "1680"]
[PlyCount "125"]
[EventDate "2000.06.15"]
[EventType "tourn (corr)"]
[EventRounds "9"]
[EventCountry "ITA"]
[SourceTitle "Corr 2008"]
[Source "ChessBase"]
[SourceDate "2008.06.24"]
[SourceVersion "1"]
[SourceVersionDate "2008.06.24"]
[SourceQuality "1"]

1. e4 e5 2. Nf3 Nc6 3. Bb5 a6 4. Ba4 Nf6 5. 0-0 Be7 6. Re1 b5 7. Bb3 0-0 8. c3 d5 9. exd5 Nxd5 10. Nxe5 Nxe5 11. Rxe5 c6 12. d4 Bd6 13. Re1 Qh4 14. g3 Qh3 15. Be3 Bg4 16. Qd3 Rae8 17. Nd2 Re6 18. a4 f5 19. axb5 f4 20. Bxf4 Bxf4 21. Rxe6 Bxe6 22. bxa6 Bxd2 23. a7 Nb6 24. Bxe6+ Qxe6 25. Qxd2 Ra8 26. Qf4 Qc8 27. Qd6 h6 28. Qa3 Qb7 29. Qa6 Qc7 30. Qa2+ Kh8 31. Qa5 Qb7 32. Qa6 Qc7 33. Qa3 Nc8 34. Re1 Qd8 35. Qc5 Nxa7 36. Re6 Kg8 37. f4 Qf8 38. Qe5 Qb8 39. Rd6 Nb5 40. Rxc6 Qxe5 41. fxe5 Ra1+ 42. Kg2 Ra2 43. Kh3 Rxb2 44. Rb6 Rb3 45. d5 Nd4 46. Rxb3 Nxb3 47. c4 Kf7 48. Kg4 Nc5 49. Kf4 g6 50. e6+ Kf6 51. Ke3 g5 52. Kd4 Nb3+ 53. Kc3 Nc5 54. Kb4 Nd3+ 55. Kb5 Ke7 56. c5 Nb2 57. c6 Kd6 58. Kb6 Nc4+ 59. Kb7 Kxd5 60. e7 Nd6+ 61. Kc7 Ke6 62. Kd8 g4 63. e8Q+ 1-0

[Event "SEMI Marshall theme1 email"]
[Site "SEMI email"]
[Date "2000.06.15"]
[Round "?"]
[White "Khachab, Ibrahim"]
[Black "Elburg, John"]
[Result "0-1"]
[WhiteElo "1680"]
[BlackElo "2235"]
[PlyCount "82"]
[EventDate "2000.06.15"]
[EventType "tourn (corr)"]
[EventRounds "6"]
[EventCountry "ITA"]
[SourceTitle "Corr 2008"]
[Source "ChessBase"]
[SourceDate "2008.06.24"]
[SourceVersion "1"]
[SourceVersionDate "2008.06.24"]
[SourceQuality "1"]

1. e4 e5 2. Nf3 Nc6 3. Bb5 a6 4. Ba4 Nf6 5. 0-0 Be7 6. Re1 b5 7. Bb3 0-0 8. c3 d5 9. exd5 Nxd5 10. Nxe5 Nxe5 11. Rxe5 c6 12. d4 Bd6 13. Re1 Qh4 14. g3 Qh3 15. Be3 Bg4 16. Qd3 Rae8 17. Nd2 Re6 18. a4 bxa4 19. Rxa4 f5 20. f4 Bxf4 21. Bxd5 cxd5 22. gxf4 Rg6 23. Rxa6 Be2+ 24. Rxg6 Bxd3 25. Rg3 Qh6 26. Bf2 Be4 27. Nxe4 fxe4 28. Be3 Rb8 29. Bc1 Kf7 30. Rg2 Qh4 31. Rf1 Ra8 32. Be3 Qh6 33. Rg3 Ra2 34. Bc1 Ra1 35. Kh1 Qa6 36. Rfg1 g6 37. f5 Qe2 38. fxg6+ hxg6 39. h3 Qf2 40. Rg4 e3 41. Bxe3 Qxe3 0-1

[Event "IECC Y2KO email"]
[Site "IECC email"]
[Date "1999.10.14"]
[Round "?"]
[White "Meier, Kurt"]
[Black "Khachab, Ibrahim"]
[Result "1-0"]
[WhiteElo "2214"]
[BlackElo "1601"]
[PlyCount "113"]
[EventDate "1999.??.??"]
[EventType "tourn (corr)"]
[EventRounds "2"]
[SourceTitle "Corr 2008"]
[Source "ChessBase"]
[SourceDate "2008.06.24"]
[SourceVersion "1"]
[SourceVersionDate "2008.06.24"]
[SourceQuality "1"]

1. d4 Nf6 2. Nf3 g6 3. g3 Bg7 4. Bg2 0-0 5. 0-0 d6 6. c4 Nbd7 7. Nc3 e5 8. e4 c6 9. b3 Re8 10. h3 exd4 11. Nxd4 Nc5 12. Re1 Nfd7 13. Be3 Ne5 14. Re2 g5 15. Qd2 g4 16. hxg4 Nxg4 17. Bf4 Qf6 18. Rd1 Ne5 19. Re3 Bg4 20. f3 Be6 21. Bf1 Rad8 22. Qh2 Na6 23. Rd2 Qg6 24. Bh3 Bxh3 25. Qxh3 Nc5 26. Nf5 Ne6 27. Ne2 Bf8 28. Qh4 f6 29. Kg2 Ng7 30. Ned4 Nh5 31. Kf1 Ng7 32. Nxg7 Qxg7 33. Nf5 Qf7 34. Bh6 Kh8 35. Kg2 Bxh6 36. Qxh6 Re6 37. c5 d5 38. Nd6 Rdxd6 39. cxd6 Rxd6 40. exd5 Rxd5 41. Rde2 Rd8 42. Re4 b6 43. Qh3 Rd6 44. f4 Ng6 45. Re6 Rd8 46. Qf5 Rf8 47. Rd6 Qg7 48. Kf1 c5 49. Rd7 Qg8 50. Re8 c4 51. Rc7 cxb3 52. axb3 a6 53. Rxf8 Qxf8 54. Rc8 Kg7 55. Rxf8 Nxf8 56. Qd5 Ng6 57. Qb7+ 1-0